| 000 | 00298 a2200121 4500 | ||
|---|---|---|---|
| 001 | 62544 | ||
| 082 | _a954.91 MUM | ||
| 090 |
_c37185 _d37185 |
||
| 100 | _aMumtaz Hussain, Brig ( R ) | ||
| 245 | _aLet us have mercy on Pakistan | ||
| 260 |
_aRawalpindi _bMumtaz Hussain _c2008 |
||
| 300 | _a335 p. | ||
| 942 |
_aNUST-CAE _k954.91 MUM |
||
| 999 |
_c297617 _d297617 |
||